Việt Nam và Châu Phi trong sự nghiệp đấu tranh giải phóng dân tộc : Sách tham khảo

Guardat en:
Dades bibliogràfiques
Autor principal: Võ, Kim Cương
Format: Llibre
Idioma:Undetermined
Publicat: Hà Nội Chính trị Quốc gia 2004
Etiquetes: Afegir etiqueta
Sense etiquetes, Sigues el primer a etiquetar aquest registre!
Thư viện lưu trữ: Trung tâm Học liệu Trường Đại học Cần Thơ
LEADER 00588nam a2200193Ia 4500
001 CTU_92258
008 210402s9999 xx 000 0 und d
020 |c 23500 
082 |a 959.7 
082 |b C561 
100 |a Võ, Kim Cương 
245 0 |a Việt Nam và Châu Phi trong sự nghiệp đấu tranh giải phóng dân tộc : 
245 0 |b Sách tham khảo 
245 0 |c Võ Kim Cương 
260 |a Hà Nội 
260 |b Chính trị Quốc gia 
260 |c 2004 
904 |i Mai Loan 
980 |a Trung tâm Học liệu Trường Đại học Cần Thơ